000 01141nam0a22003131 4500
001 v19\rc\2035929
005 20251118181549.2
035 _a(NLR Aleph) 005114254
090 _a7526100
_c7526100
100 _a20080925d1917 u y0rusy50 ca
101 0 _arus
102 _aRU
105 _ay z |||||
200 1 _aО партиях и партийности
_fЛ. Клейнборт
205 _a2-е изд., испр.
210 _aСанкт-Петербург
_cН.Н. Карбасников
_d1917
215 _a24 с.
_d21
225 1 _aБиблиотека свободного гражданина
_fПод ред. С.В. Вознесенского
_iОтдел политический
_v№ 17
532 1 3 _aО партиях и партийности
700 1 _4340
_7ca
_8rus
_aКлейнборт
_bЛ. М.
_f1875-1950
_gЛев Максимович
_9257236
_3RU\NLR\AUTH\770257292
801 0 _aRU
_bNLR
_gpsbo
801 0 _aRU
_bRuMoRGB
_2psbo
801 1 _aRU
_bProSoft-M
_2rusmarc
852 _aNLR
_j34.106.1.65
899 _aRuMoRGB
_jV 332/707 (№ 17)
899 _aБАН
942 _cBOOK
980 _aNB